Economic development finance /

A presentation of private, public, and community financial institutions, policies and methods for financing local and regional economic development projects.

Bibliographic Details
Main Author: Seidman, Karl F.
Corporate Author: Sage Publications
Format: eBook
Language:English
Published: Thousand Oaks, Calif. ; London : SAGE, c2005.
Subjects:
Online Access:Connect to the full text of this electronic book

MARC

Tag First Indicator Second Indicator Subfields
LEADER 00000nam a2200000 a 4500
001 in00004754113
006 m|||||o||d||||||||
007 cr |||||||||||
008 120405s2005 caua fo| 001|0|eng d
005 20231120173501.0
020 |a 9781452204550 (ebook) :  |c No price 
035 |a (OCoLC)809772233 
035 |a (StDuBDS)EDZ0000071550 
040 |a StDuBDS  |b eng  |c StDuBDS  |e pn 
050 0 |a HD75  |b .S43 2005 
082 0 4 |a 338.43  |2 23 
100 1 |a Seidman, Karl F. 
245 1 0 |a Economic development finance /  |c Karl F. Seidman. 
260 |a Thousand Oaks, Calif. ;  |a London :  |b SAGE,  |c c2005. 
300 |a 1 online resource (xxiv, 493 pages) :  |b illustrations. 
336 |a text  |b txt  |2 rdacontent 
337 |a computer  |b c  |2 rdamedia 
338 |a online resource  |b cr  |2 rdacarrier 
504 |a Includes bibliographical references and index. 
520 8 |a A presentation of private, public, and community financial institutions, policies and methods for financing local and regional economic development projects. 
521 |a Specialized. 
588 |a Description based on print version record. 
650 0 |a Economic development  |x Finance. 
650 0 |a Business enterprises  |z United States  |x Finance. 
650 0 |a Real property  |z United States  |x Finance. 
655 7 |a Electronic books.  |2 local 
710 2 |a Sage Publications. 
776 0 8 |i Print version :  |z 9780761927099 
856 4 0 |u http://proxy.library.tamu.edu/login?url=https://sk.sagepub.com/books/economic-development-finance  |z Connect to the full text of this electronic book  |t 0 
955 |a SAGE Knowledge 
999 f f |s 1773ddca-6a17-456a-b52c-788f5284280b  |i f7f98927-fef0-49d1-8903-46d8db9e23e4  |t 0 
952 f f |a Texas A&M University  |b College Station  |c Electronic Resources  |d Available Online  |t 0  |e HD75 .S43 2005  |h Library of Congress classification 
998 f f |a HD75 .S43 2005  |t 0  |l Available Online